000 00962nam a2200205Ii 4500
003 JO-AjNU
008 230605s9999||||xx |||||||||||||| ||und||
040 _aJO-AjNU
_bara
_erda
_cJO-AjNU
041 _aara
050 1 4 _aBP183.3.N3 2002
100 3 _aالنبهاني، يوسف بن إسماعيل ؛ ضبط وتصحيح ومراجعة عبد الوارث محمد علي,
_eauthor
_956481
245 0 0 _aسعادة الدارين في الصلاة على سيد الكونين صلى الله عليه وسلم ومعه السابقات الجياد في مدح سيد العباد
250 _aط2
264 3 1 _aبيروت: دار الكتب العلمية، 2002
300 _a672ص
336 _atext
_btxt
_2rdacontent
337 _aunmediated
_bn
_2rdamedia
338 _avolume
_bnc
_2rdacarrier
650 4 _aالصلاة على النبي صلى الله عليه وسلم- الادعية والاوراد- الاخلاق الاسلامية
_956482
999 _aA25253
_c28821
_d28821